| 000 | 00748nam a22002897a 4500 | ||
|---|---|---|---|
| 001 | 0037668 | ||
| 003 | KOHA_MİRAKIL | ||
| 005 | 20260207003036.0 | ||
| 007 | ta | ||
| 008 | 120614b2003 tu |||gr||||#0|||1|eng | | ||
| 020 | _a0194216349 | ||
| 040 |
_aTR-BiSEU _btur _cTR-BiSEU _erda |
||
| 041 | 0 | _aeng | |
| 044 | _ctu | ||
| 050 |
_aPE1128.S59 _bI54 2003 |
||
| 100 | 0 | _aVicary,Tim. | |
| 245 | 1 |
_aSkyjack/ _cVicary,Tim ; Tim Vicary. |
|
| 264 | 1 |
_aAnkara : _bKapadokya _c2003 |
|
| 300 | _a59 sayfa; 22 cm. | ||
| 336 |
_ametin _btxt _2rdacontent |
||
| 337 |
_aaracısız _bn _2rdamedia |
||
| 338 |
_acilt _bnc _2rdacarrier |
||
| 650 | 0 |
_aEnglish story. _950383 |
|
| 650 | 0 |
_aİngilizce hikaye. _911986 |
|
| 907 | _aDil | ||
| 942 |
_2lcc _cBK |
||
| 999 |
_c37526 _d37526 |
||